Cartografía del Estado de Puebla: Siglo XVI /

Contenido: Mapa de la Saca de Agua del Río Atuya; Mapa de Nopaluca y sus Alrededores; Mapa de Tepexuxuma, Guachichula, Tizacapan, Santistevan, Colotetlopan, Teyuca, Izucar, etc.; Mapa de San Matías Atzalan, Huejotzingo; Plano de la Plaza de la Villa de Carrión; Mapa de Tutumyguacan; Mapa de San Matí...

詳細記述

保存先:
書誌詳細
第一著者: Meade de Angulo, Mercedes (compilación)
フォーマット: 図書
言語:スペイン語
出版事項: México : Centro Regional de Puebla : INAH : Secretaría de Educación Pública : Fundación Fuad Habed Halabi, 1988
主題:
タグ: タグ追加
タグなし, このレコードへの初めてのタグを付けませんか!

MARC

LEADER 00000nam^a2200000^a^4500
001 000025881
005 20250521000000.0
009 20260310084709.961
037 |a Acervo ITESO - Biblioteca 
041 |a ESP 
082 |a 912. 7248  |b MEA 
100 |a Meade de Angulo, Mercedes  |e (compilación) 
245 1 0 |a Cartografía del Estado de Puebla: Siglo XVI /  |c M. Meade de Angulo (comp.); present. de: Sabino Yano Bretón. 
264 1 |a México :  |b Centro Regional de Puebla :  |b INAH :  |b Secretaría de Educación Pública :  |b Fundación Fuad Habed Halabi,  |c 1988 
300 |a 1 v. (varias paginaciones) 
336 |a texto  |b txt  |2 rdacontenido 
337 |a sin mediación  |b n  |2 rdamedio 
338 |a volumen  |b nc  |2 rdasoporte 
520 |a Contenido: Mapa de la Saca de Agua del Río Atuya; Mapa de Nopaluca y sus Alrededores; Mapa de Tepexuxuma, Guachichula, Tizacapan, Santistevan, Colotetlopan, Teyuca, Izucar, etc.; Mapa de San Matías Atzalan, Huejotzingo; Plano de la Plaza de la Villa de Carrión; Mapa de Tutumyguacan; Mapa de San Matías Tesmeluca (Guaxocingo); Mapa de Cuyluco (Izucar); Mapa de Límites de Acapetlaguacan y Guacachula (Atlixco). 
649 |a XX 
650 |a Geografía -  |z Puebla 
650 |a Cartografía -  |z Puebla -  |x Historia -  |y Siglo XVI 
910 |a Fondo General 
920 |a Impresos - Libros 
930 |a Colección General 
905 |a 101 
901 |a 0258810100  |b IT1  |c ACC  |i 025881  |u 20250521 
902 |a https://opac.biblio.iteso.mx/vufind/Record/000025881